00622nam a2200193 i 450000100060000000300090000600500170001500700030003200800410003511000910007624500500016726000490021730000220026649000200028865100480030871000300035683000200038685200220040646450ES-MaACL20230906161403.0t|030328s1968 sp ||||1| spa d2 aMovimiento Nacional (España). bDelegación Nacional de Prensa, Propaganda y Radio.10aConfiguración institucional del Movimiento. aMadrid : bEdiciones del Movimiento, c1968. a159 p. ; c21 cm.1 aNuevo horizonte 4aEspaña-xHistoria-y1939-1975, Dictadura.2 aEdiciones del Movimiento.1 aNuevo horizonte aES-MaACLjC-84196